| 000 | 00426nam a22001457a 4500 | ||
|---|---|---|---|
| 005 | 20240429135951.0 | ||
| 008 | 240429b |||||||| |||| 00| 0 eng d | ||
| 082 |
_a297.07 _bMAU-T |
||
| 100 | _aSyed Abul Aala Maududi (RA). | ||
| 245 |
_aTaleemat / _cSyed Abul Aala Maududi (RA). |
||
| 260 |
_aPakistan : _bIslamic Publications Limited ; _c1981 . |
||
| 300 |
_a244 p. _c17.5 cm . |
||
| 650 | _aliterature / Islamic | ||
| 999 |
_c35626 _d35626 |
||